Matemática 3 /
Guardado en:
| Autor Principal: | |
|---|---|
| Formato: | Libro |
| Publicado: |
Buenos Aires :
Kapelusz,
2011
|
| Series: | Para pensar
|
| Materias: | |
| Etiquetas: |
Agregar Etiqueta
Sin Etiquetas, Sea el primero en etiquetar este registro!
|
| LEADER | 01354nam a22003255a 4500 | ||
|---|---|---|---|
| 001 | CEM.cems013652 | ||
| 005 | 20120404124603.0 | ||
| 008 | 130507s2011##################000#0#####d | ||
| 003 | CEMS | ||
| 020 | |a 9789501303414 | ||
| 082 | 0 | 4 | |a Z510 |
| 100 | 1 | |a Effenberger, Pablo | |
| 245 | 1 | 0 | |a Matemática 3 / |c Autoría y Edición: Pablo Effenberger |
| 260 | |a Buenos Aires : |b Kapelusz, |c 2011 | ||
| 300 | |a 176 p. | ||
| 490 | 0 | |a Para pensar | |
| 500 | |a Para 3º año de la Esb y 9º de la Egb.- | ||
| 505 | 0 | |a Números Reales -- Expresiones algebraicas -- Razones y proporciones -- Funciones -- Movimientos, homotecia y semejanza -- Magnitudes y cantidades -- Estadística y probabilidad -- Soluciones.- | |
| 653 | |a Matemática | ||
| 653 | |a 3 esb | ||
| 653 | |a 9 egb | ||
| 653 | |a Vectores en el plano | ||
| 653 | |a Permutaciones | ||
| 653 | |a Teorema de thales | ||
| 859 | |a CEMS |b BIB. CEMS - 11 de abril |h Z510 |i Ef37 |p 26295.12 |t Ej.1 |v 3º |3 3º | ||
| 859 | |a CEMS |b BIB. CEMS - 11 de abril |h Z510 |i Ef37 |p 26296.12 |t Ej.2 |v 3º |3 3º | ||
| 859 | |a CEMS |b BIB. CEMS - 11 de abril |h Z510 |i Ef37 |p 26297.12 |t Ej.3 |v 3º |3 3º | ||
| 859 | |a CEMS |b BIB. CEMS - 11 de abril |h Z510 |i Ef37 |p 26398.12 |t Ej.4 |v 3º |3 3º | ||
| 859 | |a CEMS |b BIB. CEMS - 11 de abril |h Z510 |i Ef37 |p 26399.12 |t Ej.5 |v 3º |3 3º | ||
| 859 | |a CEMS |b BIB. CEMS - 11 de abril |h Z510 |i Ef37 |p 26400.12 |t Ej.6 |v 3º |3 3º | ||
